000 00412nam a22001697a 4500
005 20160627102445.0
008 160627b xxu||||| |||| 00| 0 eng d
020 _a0-340-81236-2
041 _aeng
082 _b10391
100 _aVanson, Salhy
_92862
245 _aPractice test for Data Inter Pretation
260 _bHodder and Stoughton
_c2008
300 _a131
650 _aManagement
_9241
942 _cBK
999 _c4140
_d4139